Kobe - Choix Multiples - Statistiques

Statistiques générales
  • Ce quiz a été pris 31 fois
  • Le résultat moyen est 7 sur 10
Statistiques - réponses
Question Réponse % Correct
Chaque année, au stade du Koshien, se tient un grand tournoi sportif lycéen, suivi par des millions de personnes à travers le pays. Quel sport est au centre de cet évènement? Baseball
86%
Quel animal est le wagyu, élevé pour sa viande qui est renommée dans tout le pays? Bœuf
86%
Quel évènement tragique a détruit une grande partie de la ville en 1995? Un séisme
79%
Quelle photo n'illustre pas Kobe?
75%
Kobe fait partie de l'aire métropolitaine du Keihanshin avec Osaka et quelle autre ville? Kyoto
71%
Dans quelle région se situe Kobe? Kansai
68%
Quelle légende du football a joué au Vissel Kobe de 2018 à 2023? Andrés Iniesta
61%
Quel film d'animation Ghibli se déroule en partie à Kobe? Le Tombeau des Lucioles
54%
Quelle étendue d'eau baigne la ville? La Mer intérieure de Seto
43%
Quel art martial japonais a son inventeur natif de Kobe? Judo
39%
Aucun quiz correspondant
Distribution des résultats
% des personnes avec chaque résultat
Percentile par nombre de réponses
Votre historique - résultats
Vous n’avez pas pris ce quiz